| 000 | 00792nam a2200301Ia 4500 | ||
|---|---|---|---|
| 008 | 171120s9999 xx 000 0 und d | ||
| 020 | _a9.7805455626e+012 | ||
| 050 | _a30 | ||
| 050 | _bB894 2013 | ||
| 100 | _aBrunelle, Lynn | ||
| 245 | _aScholastic 2014 almanac for kids / | ||
| 245 | _cby Lynn Brunelle, Jim Brunelle, Monique Peterson. | ||
| 260 | _aUSA : | ||
| 260 | _bScholastic Inc., | ||
| 260 | _c2013 | ||
| 300 | _a352 pages : | ||
| 300 | _bcolor illustrations ; | ||
| 300 | _c22cm. | ||
| 500 | _aIncludes index. | ||
| 650 | _aAlmanacs, American -- | ||
| 650 | _aAlmanacs, Children's. | ||
| 650 | _aAlmanacs. | ||
| 650 | _xJuvenile literature. | ||
| 700 | _aBrunelle, Jim. | ||
| 700 | _aGreve, Delia. | ||
| 700 | _aPeterson, Monique. | ||
| 700 | _aTitlle. | ||
| 999 |
_c345075 _d345075 |
||